| 000 | 00482nam a2200157 a 4500 | ||
|---|---|---|---|
| 001 | 000041573 | ||
| 005 | 20201002035639.0 | ||
| 008 | 131011s1972 sp a 000 0 spa d | ||
| 040 |
_aDO-SdBNP _bspa _cBNPHU |
||
| 082 |
_axxxxx _bxxxxx |
||
| 100 | 1 |
_aHandler, Joseph _968328 |
|
| 245 | 1 | 3 |
_aEl libro de la salud / _cJoseph Handler ; prólogo M. G. Candau. |
| 260 |
_aBarcelona : _bEdiciones Zeus, _c1972. |
||
| 300 |
_a157 p. : _bil. ; _c27 cm. |
||
| 700 | 1 |
_aCandau, M. G., _epról. _968329 |
|
| 999 |
_c41063 _d41063 |
||